Current awareness abstracts of library and information management literature

Bibliographic Details
Previous Title:Current awareness abstracts of library and information science
Corporate Author: Aslib
Format: Electronic Journal
Language:English
Published: London : Aslib
Subjects:
Online Access:Full text available from Research Library: 01/01/2003 to 03/31/2006

MARC

LEADER 00000nas a2200000 a 4500
001 ssj0021509
003 WaSeSS
005 20200512172242.0
006 m d
007 cr n
008 950410c19939999enkmx p s 0 0eng c
010 |a sn 95035237  
015 |a GB9337628  |2 bnb 
016 7 |a 100941256  |2 DNLM 
016 7 |a 010821494  |2 Uk 
035 |a (WaSeSS)ssj0021509 
040 |a IXA  |b eng  |c IXA  |d SYS  |d NLM  |d OCLCQ  |d NYDWH  |d OCLCQ  |d OCLCO  |d ERD  |d OCLCF  |d OCLCQ  |d UKMGB  |d WaSeSS 
042 |a pcc 
050 1 4 |a Z671  |b .C87 
245 0 0 |a Current awareness abstracts of library and information management literature  |h [electronic resource] /  |c Aslib, the Association for Information Management. 
246 3 0 |a Current awareness abstracts 
260 |a London :  |b Aslib 
310 |a Ten issues a year 
362 1 |a Began with v. 10, no. 2 (Feb. 1993). 
506 |a License restrictions may limit access. 
588 |a Description based on: Vol. 10, no. 3 (Apr. 1993); title from cover. 
588 |a Latest issue consulted: Vol. 10, no. 10 (Dec. 1993). 
650 0 |a Information science  |v Abstracts  |v Periodicals. 
650 0 |a Library science  |v Abstracts  |v Periodicals. 
650 7 |a Information science.  |2 fast  |0 (OCoLC)fst00972640 
650 7 |a Library science.  |2 fast  |0 (OCoLC)fst00997916 
650 7 |a INFORMATION SCIENCE.  |2 unbist 
650 7 |a LIBRARY SCIENCE.  |2 unbist 
650 7 |a INFORMATION MANAGEMENT.  |2 unbist 
650 7 |a ABSTRACTS.  |2 unbist 
653 1 |a Libraries  |a Information services 
655 0 |a Electronic journals. 
710 2 |a Aslib. 
780 0 0 |t Current awareness abstracts of library and information science  |w (DLC)sn 93035881  |w (OCoLC)28005378 
850 |a TxU 
853 0 0 |8 1  |a v.  |b no.  |i (year)  |j (month) 
856 4 0 |z Full text available from Research Library: 01/01/2003 to 03/31/2006  |u https://search.proquest.com/publication/42713 
863 4 1 |8 1  |a <9>  |i <1992>  |x provisional